Women's consumer rights and their awareness: text and case study (Record no. 407393)

000 -LEADER
fixed length control field 00431cam a22001457a 4500
008 - FIXED-LENGTH DATA ELEMENTS--GENERAL INFORMATION
fixed length control field 180718b2007 xxu||||| |||| 00| 0 eng d
020 ## - INTERNATIONAL STANDARD BOOK NUMBER
International Standard Book Number 8189915150
082 ## - DEWEY DECIMAL CLASSIFICATION NUMBER
Classification number T15 G561
100 ## - MAIN ENTRY--PERSONAL NAME
Personal name Gokilavani, S.
245 ## - TITLE STATEMENT
Title Women's consumer rights and their awareness: text and case study
Statement of responsibility, etc. by S. Gokilavani and R. Nageswari
260 ## - PUBLICATION, DISTRIBUTION, ETC.
Place of publication, distribution, etc. Delhi
Name of publisher, distributor, etc. Regal
Date of publication, distribution, etc. 2007
300 ## - PHYSICAL DESCRIPTION
Extent 255p.
650 ## - SUBJECT ADDED ENTRY--TOPICAL TERM
Topical term or geographic name entry element Consumer protection
700 ## - ADDED ENTRY--PERSONAL NAME
Personal name Nageswari, R.
Holdings
Withdrawn status Lost status Damaged status Not for loan Permanent Location Current Location Date acquired Full call number Barcode Date last seen Price effective from Koha item type
        Indian Institute of Public Administration Indian Institute of Public Administration 2008-03-28 T15 G561 82426 2018-07-21 2018-07-21 Book

Powered by Koha